| LEADER | 00647cam a2200205 7i4500 | ||
|---|---|---|---|
| 001 | 0000034920 | ||
| 005 | 20180327090000.0 | ||
| 007 | ##ta | ||
| 008 | 180327 | ||
| 020 | # | # | |a 9789677014625 |
| 040 | # | # | |a MATR |
| 090 | 0 | 0 | |a T 382.7 |b MAL (M) |
| 245 | 0 | 0 | |a THE MALAYSIAN TRADE CLASSIFICATION AND CUSTOMS DUTIES ORDER : |b ALL AMENDMENTS UP TO 27 OCTOBER 2017 (INCLUDING 2018 BUDGET AMENDMENTS). |
| 264 | # | 1 | |a Kuala Lumpur: |b MDC Publishers, |c 2017. |
| 300 | # | # | |a 1217 pages; |c 19 cm. |
| 336 | # | # | |a text |2 rdacontent |
| 337 | # | # | |a unmediated |2 rdamedia |
| 338 | # | # | |a volume |2 rdacarrier |
| 650 | # | 0 | |a Tariff -- |z Malaysia |
| 999 | |a SBH001127B |b Book |c Tariffs |e MATRADE Sabah | ||